| 000 | 01891 a2200217 4500 | ||
|---|---|---|---|
| 001 | 41437 | ||
| 005 | 20260407155708.0 | ||
| 008 | 260407a1968 arg spa d | ||
| 003 | AR-UNSa-BCEJYS | ||
| 040 |
_aAR-UNSa-BCEJYS _bspa _cAR-UNSa-BCEJYS |
||
| 080 |
_a349.2 _xDerecho del Trabajo |
||
| 245 | 1 | 0 | _aTratado práctico de derecho del trabajo |
| 250 | _a2a. ed. | ||
| 264 | 1 |
_aBuenos Aires : _bEdiciones Depalma _c1968 |
|
| 300 |
_a2 v. (601 ; 492 p.) _c24 cm. |
||
| 505 | _aVol. I. Parte Primera: Aspectos generales de derecho del trabajo. 1. Ideas fundamentales - 2. Evolución histórica del derecho del trabajo - 3. Las fuentes de derecho del trabajo - 4. La interpretación del derecho del trabajo - 5. La aplicación del derecho del trabajo en el espacio y en el tiempo - 6. Los sujetos del derecho del trabajo - Parte Segunda: El contrato individual de trabajo. 1. Realización del contrato de trabajo - 2. El desenvolvimiento del contrato de trabajo - 3. Transferencia y extinción del contrato de trabajo - 4. Contratos de trabajo especiales -- Vol. II: Parte tercera: El derecho colectivo del trabajo. 1. El derecho de las asociaciones profesionales - 2. El derecho de las convenciones colectivas de trabajo - 3. El derecho material de los conflictos colectivos de trabajo - Parte Cuarta: Organización y reglamentación administrativas del trabajo. 1. Organismos y servicios del trabajo - 2. Normas reglamentarias del trabajo (Normas de protección específica) - Parte Quinta: Derecho procesal del trabajo. 1. Los conflictos individuales de trabajo (Jurisdicción del trabajo) - 2. Los conflictos colectivos de trabajo (procedimientos de conciliación y de arbitraje extrajudiciales) - Parte Sexta: El derecho del trabajo en el plano internacional y mundial | ||
| 041 | _aspa | ||
| 942 | _cBK | ||
| 590 | _aniveau_biblio:m niveau_hierar:0 | ||
| 100 | 1 | _aKrotoschin, Ernesto | |
| 999 |
_c3507 _d3507 |
||